000 00251nam a22000977a 4500
008 221019b |||||||| |||| 00| 0 eng d
020 _a9788172344764
100 _aStevenson Louis
_96776
245 _aTreasure Island
260 _aIndia
_bPrakash Books
_c2022
999 _c12082
_d12082